| 000 | 00662nam a2200145Ia 4500 | ||
|---|---|---|---|
| 008 | 220214s9999 xx 000 0 und d | ||
| 022 | _a0028-6664 | ||
| 245 | 0 | _aNEW SCIENTIST | |
| 260 |
_bNew Science Publications, New York _aUSA |
||
| 310 | _aW | ||
| 500 | _aEnding Volume & Year: 129, 1991 | ||
| 500 | _aMissing Volume: 37(586);41;45(684);47(706-707);48;55(806,809,812);56(814-815,820);62-64;67(959);69(983,986,992-993);74;77-80;90(1248)94(1306);99(1375);102;103(1422);106(1452);108(1479);109(1499);110;114(1564,1566);115(1569-1572),1589);118(1675);119(1624);120(1634);121(1646);124;125(1661-1714) | ||
| 500 | _aStarting Volume & Year: 25, 1965 | ||
| 942 | _cBJ | ||
| 999 |
_c7263 _d7263 |
||